Nederlandse gemeenten die beginnen met een B - Statistieken

Algemene statistieken
  • Deze quiz is 84 keer genomen
  • De gemiddelde score is 24 van 33
Antwoordstatistieken
Nr. Antwoord % Correct
2 Baarn
97%
27 Breda
91%
10 Bergen
88%
11 Bergen
88%
32 Bunschoten
84%
3 Barendrecht
81%
4 Barneveld
81%
12 Bergen op Zoom
81%
1 Baarle-Nassau
78%
7 Beesel
78%
19 Blaricum
78%
24 Borne
78%
28 Bronckhorst
78%
15 Best
75%
22 Boekel
75%
33 Buren
75%
5 Beek
72%
17 Beverwijk
72%
31 Bunnik
72%
6 Beekdaelen
69%
9 Bergeijk
69%
13 Berkelland
69%
16 Beuningen
69%
18 Bladel
69%
29 Brummen
69%
8 Berg en Dal
66%
14 Bernheze
66%
20 Bloemendaal
66%
23 Borger-Odoorn
66%
30 Brunssum
63%
25 Borsele
50%
26 Boxtel
50%
21 Bodegraven-Reeuweijk
28%
Geen overeenkomende quizzen gevonden
Scoreverdeling
Procent van Mensen met Elke Score
Percentiel versus Aantal Correcte Antwoorden
Uw Scoregeschiedenis
U heeft deze quiz nog niet genomen